Las pastorelas en Saltillo /

Reproducción de una de las pastorelas que se representan en los ejidos cercanos a Saltillo, Coahuila.

Shranjeno v:
Bibliografske podrobnosti
Glavni avtor: Bosch, Wifredo (versión y pról.)
Drugi avtorji: Flores Tapia, Oscar (epílogo) (epílogo)
Format: Knjiga
Jezik:španščina
Teme:
Oznake: Označite
Brez oznak, prvi označite!

MARC

LEADER 00000nam^a2200000^a^4500
001 000158999
005 20250521000000.0
009 20260310100634.25
037 |a Acervo ITESO - Biblioteca 
041 |a ESP 
082 |a 862.  |b BOS 
100 |a Bosch, Wifredo  |e (versión y pról.) 
245 1 4 |a Las pastorelas en Saltillo /  |c Versión y pról. de W. Bosch ; epílogo de O. Flores Tapia. 
264 |a Coahuila, México:  |b Colegio Coahuilense de Investigaciones Históricas,  |c 1978 
300 |a 185 p. 
336 |a texto  |b txt  |2 rdacontenido 
337 |a sin mediación  |b n  |2 rdamedio 
338 |a volumen  |b nc  |2 rdasoporte 
520 |a Reproducción de una de las pastorelas que se representan en los ejidos cercanos a Saltillo, Coahuila. 
649 |a XX 
650 |a Pastorela -  |z Saltillo, Coahuila 
650 |a Pastorela -  |z México 
650 |a Pastorela -  |z Saltillo, Coahuila -  |x Concursos 
650 |a Pastorela -  |z México -  |x Concursos 
650 |a Pastorela -  |x Historia y Crítica 
650 |a Teatro Religioso -  |z Saltillo, Coahuila 
650 |a Teatro Religioso -  |z México 
650 |a Teatro Mexicano 
650 |a Literatura Religiosa -  |z Saltillo, Coahuila 
650 |a Literatura Religiosa -  |z México 
650 |a Literatura Didáctica -  |z Saltillo, Coahuila 
650 |a Literatura Didáctica -  |z México 
650 |a Literatura Popular -  |z Saltillo, Coahuila 
650 |a Literatura Popular -  |z México 
650 |a Literatura Mexicana -  |y Siglo XX 
650 |a Música de Adviento -  |z Saltillo, Coahuila 
650 |a Música de Adviento -  |z México 
650 |a Música Sacra -  |z Saltillo, Coahuila 
650 |a Música Sacra -  |z México 
650 |a Música Sacra -  |z Saltillo, Coahuila 
650 |a Música Sacra -  |z México 
650 |a Saltillo, Coahuila -  |x Historia 
700 |a Flores Tapia, Oscar  |e (epílogo) 
910 |a Fondo Salvador Reynoso Reynoso 
920 |a Impresos - Libros 
930 |a Fondos Especiales 
940 |a Literatura 
905 |a 112 
901 |a 0500090352  |b IT2  |c ESP  |u 20250521 
902 |a https://opac.biblio.iteso.mx/vufind/Record/000158999